rudy - Statystyki

Ogólne statystyki
  • Ten quiz został rozwiązany 4 razy
  • Średni wynik to 26 z 44
Statystyki odpowiedzi
Hint Odpowiedź % Poprawnych
srebro polska
100%
rudy miedzi polska 2,5
100%
złoto rosja
100%
platyna rosja 13
100%
diamenty rosja 29
100%
diamenty australia
67%
boksyty australia 27
67%
diamenty botswana 17
67%
boksyty brazylia 11,5
67%
rudy żelaza brazylia minas gerais
67%
rudy miedzi chile 32
67%
złoto chiny
67%
srebro chiny
67%
boksyty chiny 17
67%
rudy miedzi chiny 9
67%
rudy żelaza chiny anshan
67%
rudy żelaza chiny hainan
67%
rudy żelaza chiny syczuan
67%
diamenty drk 13
67%
rudy żelaza francja lotaryngia
67%
boksyty indonezja 19
67%
boksyty jamajka
67%
srebro peru
67%
rudy miedzi peru 8
67%
rudy żelaza RPA
67%
złoto RPA
67%
platyna RPA 73
67%
rudy żelaza ukraina kercz
67%
rudy żelaza ukraina krzywy róg
67%
rudy miedzi usa
67%
złoto USA
67%
platyna zimbabwe
67%
diamenty zimbabwe
67%
rudy żelaza indie goa
33%
rudy żelaza indie maharasztra
33%
rudy żelaza kanada labrador
33%
srebro meksyk
33%
rudy żelaza rosja ural
33%
rudy żelaza szwecja kiruna
33%
rudy żelaza usa jezioro gorne
33%
boksyty wegry
33%
rudy żelaza australia adelaida
0%
rudy żelaza australia gory hamerslay
0%
rudy żelaza szwecja galliware
0%
Nie znaleziono quizów pasujących do podanych kryteriów
Rozkład punktacji
Procent ludzi z każdym wynikiem
Percentyl według liczby udzielonych odpowiedzi
Twoja historia wyników
Nie rozwiązałeś tego quizu